000 00346nam a2200121Ia 4500
008 150202s9999 xx 000 0 und d
050 _aFIC
_bFIC
100 _aPickart Joan Elliott.
245 _aAngels and elves /
_cJoan Elliot Pickart.
260 _aNew York :
_bSilhouette Books,
_c1995.
300 _a187 pages :
_c18 cm.
650 _aFiction.
999 _c282339
_d282339